Professional Practice for Attorneys / (Record no. 159)

MARC details
000 -LEADER
fixed length control field 00496nam a22001577a 4500
005 - DATE AND TIME OF INPUT
control field 20231031065542.0
008 - DATA ELEMENTS--GENERAL INFORMATION
fixed length control field 231031b |||||||| |||| 00| 0 eng d
041 ## - LANGUAGE CODE
Language code of text English
082 ## - SHELF NUMBER
DDC number 347.1 VAN
100 ## - MAIN AUTHOR
Main author's name Van Blommestein, F
Language of a work English
245 ## - TITLE STATEMENT
Title Professional Practice for Attorneys /
Statement of responsibility, etc. F Van Blommestein
260 ## - PUBLICATION, DISTRIBUTION, ETC.
Place of publication, distribution, etc. Cape Town :
Name of publisher, distributor, etc. Juta and Company Ltd,
Date of publication, distribution, etc. 1965
300 ## - PHYSICAL DESCRIPTION
Other physical details xii, 153 pages ;
Dimensions 26 cm.
650 ## - SUBJECT`
Broad subject legal practice
Own subject terms Law
942 ## - ADDED ENTRY ELEMENTS (KOHA)
Item type Books
942 ## - ADDED ENTRY ELEMENTS (KOHA)
-- ALISON_BN_VRIES
Holdings
Source of classification or shelving scheme Not for loan Collection code Home library Current library Shelving location Date acquired Full call number Barcode Price effective from Koha item type
Dewey Decimal Classification   TEXT BOOKS LAW SOCIETY OF NAMIBIA LIBRARY - WINDHOEK LAW SOCIETY OF NAMIBIA LIBRARY - WINDHOEK Evidence law 10/31/2023 347.1 VAN LSN/1987/138 10/31/2023 Books